• 首页
  • 本馆介绍
  • 公告通知
  • 最新文献
  • 馆藏检索
  • 电子资源
  • 读者导购
  • 参考咨询
  • 我的图书馆
  • 登录
  • 详细信息显示
  • 放入我的书架
  • 预约/预借图书
  • 作者相关作品
  • 分类相关作品
  • 丛书相关作品
  • 出版社相关作品

书目信息

  • 表格格式
  • 工作单格式
  • 卡片格式
题名:
邓小平同志建设有中国特色社会主义理论学习纲要
    
 
作者: ;中共中央宣传部 编
分册:  
出版信息: 北京   学习出版社  1995
页数: 116页
开本: 20cm
丛书名:
单 册:
中图分类: D614 , D2-0
科图分类: 32.2094
主题词: 社会主义建设模式-邓小平--学习参考资料
电子资源:
ISBN: 7-80116-047-9
000 00908nam0 2200253 45
001 0195026419
005 20070730155019.50
010    @a7-80116-047-9@dCNY4.50
100    @a19950521d1995 em y0chiy0121 ea
101 0  @achi
102    @aCN@b110000
105    @ay z 000yy
200 10 @a邓小平同志建设有中国特色社会主义理论学习纲要@ADENG XIAO PING TONG ZHI JIAN SHE YOU ZHONG GUO TE SE SHE HUI ZHU YI LI LUN XUE XI GANG YAO@f中共中央宣传部编@FZHONG GONG ZHONG YANG XUAN CHUAN BU BIAN
210    @a北京@c学习出版社@d1995@h1998
215    @a116页@d20cm
540 1  @a中国特色社会主义@AZHONG GUO TE SE SHE HUI ZHU YI
600  0 @a邓小平-社会主义建设模式@x学习参考资料
606    @a社会主义建设模式-邓小平@x学习参考资料
690    @aD614
690    @aD2-0
692    @a32.2094
711 02 @a中共中央宣传部@AZHONG GONG ZHONG YANG XUAN CHUAN BU@4编
801  0 @aCN@bTSSF@c20070730
905    @a10447@dD2-0@e149
    
    邓小平同志建设有中国特色社会主义理论学习纲要/中共中央宣传部编.-北京:学习出版社,1995(1998)
    116页;20cm
    
    
    ISBN 7-80116-047-9:CNY4.50
    
●
相关链接 在E读中查询图书 在五车中查询图书 在当当中查询图书 在豆瓣中查询图书


正题名:邓小平同志建设有中国特色社会主义理论学习纲要     索取号:D2-0/149         预约/预借

序号 登录号 条形码 馆藏地/架位号 状态 备注
1 0767245   207672455   密集书库/ [索取号:D2-0/149] 在馆    
唐山师范学院图书馆 欢迎您!
大连网信软件有限公司© 版权所有